00389 a2200133 4500003000400000005001700004008004100021040000900062082001800071245007200089250001200161260007200173300001000245OSt20240212111342.0240212b |||||||| |||| 00| 0 eng d coclc a954.83bAND/M aMalabar makkal 1922-2022 A Memoir of 100 Years journey in Andaman / a1St ed. aSouth Andaman:bAndaman Moplah Service Organization ( AMSO),c2022. a190p.